All 1M+ Cities in the UK - Statistics

General Stats
  • This quiz has been taken 182 times
  • The average score is 9 of 10
Answer Stats
First Letter Population (Millions) City Name % Correct
L 14.7 London
100%
M 3.05 Manchester
96%
B 3.125 Birmingham
95%
L 2.15 Leeds
94%
L 1.87 Liverpool
94%
G 1.66 Glasgow
92%
S 1.56 Sheffield
87%
N 1.47 Newcastle
85%
N 1.38 Nottingham
82%
S 1.16 Southampton
71%
No matching quizzes found
Score Distribution
Percent of People with Each Score
Percentile by Number Answered
Your Score History
You have not taken this quiz